| 000 | 00674nam a2200241Ia 4500 | ||
|---|---|---|---|
| 003 | OSt | ||
| 005 | 20220918201108.0 | ||
| 006 | a|||||r|||| 00| 0 | ||
| 007 | ta | ||
| 008 | 220917b |||||||| |||| 00| 0 eng d | ||
| 024 | _a91,676 | ||
| 037 | _cTextual | ||
| 040 |
_aARTS _cARTS _beng |
||
| 041 |
_2eng _aeng |
||
| 082 | _aV1:17x, J8 (EV) | ||
| 100 |
_aStrausz-Hupe Robert ed _996811 |
||
| 245 | 0 | _aIdea of colonialism | |
| 260 |
_aLondon _bAtlantic Books _c1958 |
||
| 650 | _aWORLD HISTORY | ||
| 700 |
_a Hazard Harry W ed _996812 |
||
| 942 |
_hV1:17x, J8 (EV) _cTEXL _2CC |
||
| 999 |
_c215333 _d215333 |
||